| 000 | 00738nam a2200241 i 4500 | ||
|---|---|---|---|
| 001 | bgj | ||
| 100 | 1 |
_aTHORNBURY, Scott _d(1950- ). |
|
| 245 | 1 | 0 |
_aHow to Teach Grammar / _cScott Thornbury. |
| 260 |
_aHarlow, Essex : _bLongman, _c2006. |
||
| 300 |
_aIX, 182 pp : _bill. ; _c25 cm. |
||
| 490 | 1 | _aHow to... / Jeremy Harmer, series editor | |
| 504 | _aBibliography p. 179. | ||
| 505 | _aIncludes index. | ||
| 650 | 9 |
_aGrammar _aEnglish language _xStudy and teaching _xForeign speakers |
|
| 700 | 1 |
_aHarmer, Jeremy. _eeditor |
|
| 830 | 0 | _aHow to... (Jeremy Harmer, series editor) | |
| 020 | _a0582339324 | ||
| 040 | _cBPK | ||
| 041 | 0 | _aeng | |
| 920 | _a0-582-33932-4 | ||
| 942 | _cKS | ||
| 008 | s uk f |000 0 eng | ||
| 999 |
_c49128 _d49128 |
||
| 856 |
_uhttp://koha.tu.koszalin.pl/cgi-bin/koha/opac-detail.pl?biblionumber=49128 _yKatalog online BPK |
||